Bilecik Bilecik Bilecik Bilecik Bilecik

Özbek Türkçesinde edatlar = (Record no. 26311)

MARC details
000 -BAŞLIK
Sabit Uzunluktaki Kontrol Alanı 01037nam a22003377a 4500
001 - KONTROL NUMARASI
Control Dosyası 0026366
003 - KONTROL NUMARASI KİMLİĞİ
Kontrol Alanı KOHA_MİRAKIL
005 - EN SON İŞLEM TARİHİ ve ZAMANI
Kontrol Alanı 20260207002525.0
007 - FİZİKSEL TANIM SABİT ALAN - GENEL BİLGİ
Sabit uzunluklu kontrol alanı ta
008 - SABİT UZUNLUKTAKİ VERİ ÖGELERİ - GENEL BİLGİ
Sabit Alan 101213b2005 tu |||gr||||#||||1|tur |
020 ## - ISBN - ULUSLARARASI STANDART KİTAP NUMARASI
Isbn 9758895699
020 ## - ISBN - ULUSLARARASI STANDART KİTAP NUMARASI
Isbn
040 ## - KATALOGLAMA KAYNAĞI
Özgün Kataloglama Kurumu TR-BiSEU
Kataloglama Dili tur
Çeviri Kurumu TR-BiSEU
Açıklama Kuralları rda
041 0# - DİL KODU
Metin ya da ses kaydının dil kodu tur
044 ## - YAYINLAYAN/ÜRETEN KURULUŞUN ÜLKE KODU
ISO country code tu
050 ## - SINIFLAMA ve YER NUMARASI
Sınıflama Numarası PL56.1
Yer Numarası .Y36 2005
100 1# - KİŞİ ADI
Yazar Adı (Kişi adı) Yaman, Ertuğrul.
240 10 - TEK BİÇİM BAŞLIK
Tekbiçim Başlık <a href="kaynakları, ses ve şekil özellikleri">kaynakları, ses ve şekil özellikleri</a>
Language of a work Türkçe
245 1# - ESER ADI BİLDİRİMİ
Başlık Özbek Türkçesinde edatlar =
Alt Eseradı vb. kaynakları, ses ve şekil özellikleri/
Sorumluluk Bildirimi Ertuğrul Yaman ; Ertuğrul Yaman.
264 #1 - ÜRERİM, YAYIN, DAĞITIM ve TELİF BİLDİRİMİ
Yayın yeri Ankara :
Yayınlayan Gazi Kitabevi
Yayın tarihi 2005
300 ## - FİZİKSEL TANIMLAMA
Sayfa, Cilt vb. xii, 164 sayfa; 21 cm.
336 ## - İÇERİK TÜRÜ
Content type term metin
Content type code txt
Source rdacontent
337 ## - MEDYA TÜRÜ
Media type term aracısız
Media type code n
Source rdamedia
338 ## - TAŞIYICI TÜRÜ
Carrier type term cilt
Carrier type code nc
Source rdacarrier
500 ## - GENEL NOT
Genel Not Kaynakça var.
650 #0 - KONU BAŞLIĞI EK GİRİŞ - KONU TERİMİ
Konusal terim veya coğrafi ad Özbek dili--Edatlar.
9 (RLIN) 52410
650 #0 - KONU BAŞLIĞI EK GİRİŞ - KONU TERİMİ
Konusal terim veya coğrafi ad Uzbek language--Particles.
9 (RLIN) 52411
650 #0 - KONU BAŞLIĞI EK GİRİŞ - KONU TERİMİ
Konusal terim veya coğrafi ad Özbek dili--Gramer.
9 (RLIN) 27442
650 #0 - KONU BAŞLIĞI EK GİRİŞ - KONU TERİMİ
Konusal terim veya coğrafi ad Uzbek language--Grammar.
9 (RLIN) 27441
942 ## - EK GİRİŞ ÖGELERİ (KOHA)
Source of classification or shelving scheme Library of Congress Classification
Koha item type Book
Holdings
Materyal Türü Kalıcı Konum Mevcut Konum Raf Yeri Sınıflandırma Kaynağı Edinim Bilgisi Ana Konular Alt Konular Yer Numarası Demirbaş Numarası Fatura Tarihi Maliyet, Alış Fiyatı Maliyet, Yenileme Fiyatı Geri Çekilme Durumu Kayıp Durumu Hasarlı Durumu Kredi için değil Kayıt Tarih Toplam Ödünçverme Son Görülme Tarihi Son Kontrol Tarihi
Book Prof. Dr. Azmi Özcan Kütüphanesi Prof. Dr. Azmi Özcan Kütüphanesi Birûni Salonu Library of Congress Classification Satın DİL VE EDEBİYAT Doğu Asya, Afrika, Okyanusya Dilleri ve Edebiyatları PL56.1 .Y36 2005 0026366 13/12/2010 9.78 9.78         13/12/2010   26/02/2026 05/12/2024